[Event "Subotica-ch op"]
[Site "Subotica"]
[Date "2016.03.11"]
[Round "9"]
[White "Ilic, Nikola G"]
[Black "Szabo, Nikita"]
[Result "0-1"]
[WhiteElo "1639"]
[BlackElo "1675"]
[PlyCount "74"]
[EventDate "2016.02.22"]
[EventType "swiss"]
[EventRounds "9"]
[EventCountry "SRB"]
[SourceTitle "CBM 171 Extra"]
[Source "ChessBase"]
[SourceDate "2016.04.26"]
[SourceVersion "1"]
[SourceVersionDate "2016.04.26"]
[SourceQuality "1"]

1. e4 g6 2. d4 Bg7 3. Nf3 d6 4. h3 Nf6 5. Bd3 0-0 6. 0-0 Nbd7 7. Re1 c5 8. c3 Qb6 9. Nbd2 cxd4 10. cxd4 Qc7 11. Nb3 b6 12. Bf4 Nh5 13. Rc1 Qd8 14. Qd2 Nxf4 15. Qxf4 Bb7 16. Rc2 Rc8 17. Rec1 Rxc2 18. Rxc2 e5 19. dxe5 Nxe5 20. Nxe5 Bxe5 21. Qf3 Kh8 22. Rd2 f5 23. Qe2 Qg5 24. Bb1 f4 25. Qf3 Qf6 26. Qe2 Bc8 27. Bd3 f3 28. Qxf3 Qxf3 29. gxf3 Rxf3 30. Be2 Rxh3 31. f3 Bf4 32. Rc2 Rh2 33. Kf1 Ba6 34. Nd4 Bxe2+ 35. Rxe2 Rxe2 36. Nxe2 Be5 37. Kf2 g5 0-1

[Event "Subotica-ch op"]
[Site "Subotica"]
[Date "2016.03.09"]
[Round "8"]
[White "Szabo, Nikita"]
[Black "Tomic, Zoran S"]
[Result "0-1"]
[WhiteElo "1675"]
[BlackElo "1892"]
[PlyCount "62"]
[EventDate "2016.02.22"]
[EventType "swiss"]
[EventRounds "9"]
[EventCountry "SRB"]
[SourceTitle "CBM 171 Extra"]
[Source "ChessBase"]
[SourceDate "2016.04.26"]
[SourceVersion "1"]
[SourceVersionDate "2016.04.26"]
[SourceQuality "1"]

1. d4 d5 2. c4 c6 3. Nc3 Nf6 4. Nf3 dxc4 5. a4 Bf5 6. Bg5 Nbd7 7. e3 h6 8. Bh4 Qa5 9. Bxc4 Ne4 10. Rc1 e6 11. 0-0 Nxc3 12. bxc3 Ba3 13. Qb3 Bxc1 14. Qxb7 Rb8 15. Qxc6 Qb6 16. Qxb6 Rxb6 17. Rxc1 0-0 18. Bg3 Rb1 19. Rxb1 Bxb1 20. Bb5 Nf6 21. Bd6 Rc8 22. Bb4 Nd5 23. Ba6 Rb8 24. Bc5 Nxc3 25. a5 Ne4 26. Be7 f6 27. Ne1 Kf7 28. Ba3 Rb3 29. Bc1 Nd6 30. Be2 Bg6 31. Bd2 Rb2 0-1

[Event "Subotica-ch"]
[Site "Subotica"]
[Date "2015.02.27"]
[Round "6"]
[White "Skenderovic, Nikola"]
[Black "Szabo, Nikita"]
[Result "1/2-1/2"]
[WhiteElo "1530"]
[BlackElo "1662"]
[PlyCount "54"]
[EventDate "2015.02.16"]
[EventType "swiss"]
[EventRounds "9"]
[EventCountry "SRB"]
[SourceTitle "CBM 165 Extra"]
[Source "ChessBase"]
[SourceDate "2015.04.21"]
[SourceVersion "1"]
[SourceVersionDate "2015.04.21"]
[SourceQuality "1"]

1. e4 c5 2. Nc3 Nc6 3. g3 Nf6 4. Bg2 g6 5. d3 Bg7 6. f4 d6 7. Nge2 Qb6 8. h3 h5 9. Be3 Nd4 10. Rb1 Nxe2 11. Nxe2 Qa5+ 12. Nc3 Be6 13. a3 Nd7 14. Bd2 Qc7 15. 0-0 f5 16. Re1 Nf6 17. exf5 Bxf5 18. Qe2 Bf8 19. Nd5 Nxd5 20. Bxd5 Bxh3 21. Bc3 Rh7 22. Be6 Bg4 23. Bxg4 hxg4 24. Qxg4 Rh6 25. Qf3 0-0-0 26. b4 Rd7 27. b5 c4 1/2-1/2

[Event "Backa Topola-ch"]
[Site "Backa Topola"]
[Date "2011.11.23"]
[Round "6"]
[White "Milodanovic, Stanislav"]
[Black "Szabo, Nikita"]
[Result "1/2-1/2"]
[WhiteElo "1787"]
[BlackElo "1608"]
[PlyCount "59"]
[EventDate "2011.11.11"]
[EventType "swiss"]
[EventRounds "9"]
[EventCountry "SRB"]
[SourceTitle "CBM 145 Extra"]
[Source "ChessBase"]
[SourceDate "2012.01.03"]
[SourceVersion "1"]
[SourceVersionDate "2012.01.03"]
[SourceQuality "1"]

1. e4 e5 2. Nf3 Nc6 3. Bc4 Bc5 4. c3 Nf6 5. d3 h6 6. h3 0-0 7. a4 a6 8. b4 Be7 9. 0-0 d5 10. exd5 Nxd5 11. Re1 Bf6 12. Ra3 Re8 13. Qe2 Bf5 14. Nfd2 Nf4 15. Qf3 Bxd3 16. Bxd3 Nxd3 17. Rf1 Bg5 18. Nb3 Nxc1 19. Nxc1 Qf6 20. Qxf6 Bxf6 21. Ra2 b6 22. Rd1 Rad8 23. Rad2 Rxd2 24. Rxd2 Bg5 25. Rd1 e4 26. Kf1 Ne5 27. Ne2 Nd3 28. Ng3 Nb2 29. Re1 e3 30. Nf5 1/2-1/2

[Event "Backa Topola-ch"]
[Site "Backa Topola"]
[Date "2011.11.14"]
[Round "2"]
[White "Szabo, Nikita"]
[Black "Kovacs, Attila J"]
[Result "0-1"]
[WhiteElo "1608"]
[BlackElo "1800"]
[PlyCount "62"]
[EventDate "2011.11.11"]
[EventType "swiss"]
[EventRounds "9"]
[EventCountry "SRB"]
[SourceTitle "CBM 145 Extra"]
[Source "ChessBase"]
[SourceDate "2012.01.03"]
[SourceVersion "1"]
[SourceVersionDate "2012.01.03"]
[SourceQuality "1"]

1. d4 d5 2. c4 c6 3. cxd5 cxd5 4. Nc3 Bf5 5. Nf3 Nf6 6. Bf4 a6 7. e3 e6 8. Bd3 Bxd3 9. Qxd3 Nc6 10. a3 Be7 11. 0-0 Nh5 12. Ne5 Nxf4 13. exf4 g6 14. Rfe1 0-0 15. Re3 Nxe5 16. fxe5 Rc8 17. Rh3 Kg7 18. Ne2 Bg5 19. g3 Rc4 20. Nf4 Bxf4 21. gxf4 Qb6 22. Qg3 Qxd4 23. Qg5 Qxf4 24. Qxf4 Rxf4 25. Rb3 b5 26. Rc1 Rc4 27. Rxc4 dxc4 28. Rc3 Rd8 29. Kf1 Rd4 30. Re3 h5 31. Kg2 g5 0-1